Tài liệu tham khảo giảng dạy tập làm văn bậc phổ thông trung học cấp 3: T2

Na minha lista:
Detalhes bibliográficos
Formato: Livro
Idioma:Undetermined
Publicado em: Hà Nội Giáo dục 1982
Assuntos:
Tags: Adicionar Tag
Sem tags, seja o primeiro a adicionar uma tag!
Thư viện lưu trữ: Trung tâm Học liệu Trường Đại học Cần Thơ
LEADER 00546nam a2200157Ia 4500
001 CTU_6148
008 210402s9999 xx 000 0 und d
082 |a 372.64 
082 |b T103/T2 
245 0 |a Tài liệu tham khảo giảng dạy tập làm văn bậc phổ thông trung học cấp 3: T2 
245 0 |c Tạ Phong Châu biên soạn 
260 |a Hà Nội 
260 |b Giáo dục 
260 |c 1982 
650 |a literature - study and teaching ( secondary ) 
980 |a Trung tâm Học liệu Trường Đại học Cần Thơ